Missing Consonants Groups Quiz Stats

 Plays Quiz Updated Feb 12, 2018

Score 0/45 Timer 10:00
0 Plays Today
% Correct
Barack Obama
73.1%
George Washington
67.7%
Othello
66.4%
Neon
59.4%
Theodore Roosevelt
58.8%
John Quincy Adams
57.7%
Iron
54.8%
A Tale of Two Cities
51.4%
Austria
48.4%
Iodine
48.4%
Gerald Ford
48.3%
New England Patriots
46.3%
Help!
45.7%
Hamlet
45.6%
Oliver Twist
45.6%
Uruguay
43.9%
Tennessee Titans
41.3%
Richard III
39.5%
Oakland Raiders
35.5%
United Kingdom
35.2%
Let It Be
34.8%
As You Like It
33.9%
David Copperfield
28%
% Correct
Revolver
27.2%
Kyrgyzstan
25.3%
Yellow Submarine
24.7%
Einsteinium
24.4%
Arizona Cardinals
23.4%
Measure for Measure
23.3%
Halo
22.6%
Cincinnati Bengals
21.7%
Bleak House
19.7%
Europium
17.8%
Rain Man
16.7%
The Legend of Zelda
16.4%
No Country For Old Men
12.6%
Kiribati
12.3%
Sgt. Pepper's Lonely Hearts Club Band
11.5%
Final Fantasy
9.4%
Our Mutual Friend
8.9%
God of War
6%
The Silence of the Lambs
5.9%
Annie Hall
5.1%
Resident Evil
4.8%
The French Connection
3.6%

You're not logged in!

Compare scores with friends on all Sporcle quizzes.
OR
Log In

You Might Also Like...

Show Comments

Extras

Top Quizzes Today


Score Distribution

Your Account Isn't Verified!

In order to create a playlist on Sporcle, you need to verify the email address you used during registration. Go to your Sporcle Settings to finish the process.

Report this User

Report this user for behavior that violates our Community Guidelines.

Details: